000 03007cam a2200349 a 4500
003 EG-GiCUC
005 20250223032256.0
008 190506s2018 ua h f m 000 0 eng d
040 _aEG-GiCUC
_beng
_cEG-GiCUC
041 0 _aeng
049 _aDeposite
097 _aM.Sc
099 _aCai01.11.02.M.Sc.2018.Kh.M
100 0 _aKhaled Khairy Mabrouk Mohamed
245 1 0 _aMorphometric and anatomical variations of sacral hiatus among Egyptians :
_bA dry bone and multidetector computed tomographic study /
_cKhaled Khairy Mabrouk Mohamed ; Supervised Medhat Mohamed Morsy , Rasha Abdel Khalek Attia , Heba Mohamed Ali Labib
246 1 5 _a الاختلافات المرفومترية والتشريحية للفجوة العجزية فى المصريين دراسة على العظم الجاف وبالتصوير المحورى متعدد الشرائح
260 _aCairo :
_bKhaled Khairy Mabrouk Mohamed ,
_c2018
300 _a78 P. :
_bfacsimiles ;
_c25cm
502 _aThesis (M.Sc.) - Cairo University - Faculty of Medicine - Department of Anatomy
520 _aThe sacrum is a large triangular bone, formed by fusion of 5 sacral vertebrae. The sacral canal is the continuation of the spinal canal, its caudal opening is known as the sacral hiatus (SH). The sacrum has two lateral walls each presents 4 intervertebral foramina. The sacral hiatus is formed due to failure of fusion of laminae of the fifth (occasionally 4th) sacral vertebra. The hiatus contains the lower sacral and coccygeal nerve roots, filum terminale and fibrofatty tissue. The sacral hiatus is covered by skin, subcutaneous fatty layer and superficial dorsal sacrococcygeal ligament (also called sacrococcygeal membrane), which has to be pierced to reach the sacral canal. The lateral margins of the hiatus are formed by 2 sacral cornua. They are important clinical landmarks during caudal epidural block (CEB). Caudal epidural block has been widely used for the treatment of lumbar spinal disorders, for the management of chronic back pain and ensuring analgesia and anesthesia in operations including labor pain and genitourinary surgery. Technique of the CEB depends on accurate localization of sacral hiatus through which access to the sacral epidural space is gained. For a successful CEB intervention, clinicians are expected to know the anatomy of the sacral bone and the SH. Unfortunately, there are considerable anatomical variations in this area, and these result in discrepancies in the size and shape of SH which may make its identification difficult
530 _aIssued also as CD
653 4 _aCaudal epidural block
653 4 _aMultidetector computed tomography
653 4 _aSacral hiatus
700 0 _aHeba Mohamed Ali Labib ,
_eSupervisor
700 0 _aMedhat Mohamed Morsy ,
_eSupervisor
700 0 _aRasha Abdel Khalek Attia ,
_eSupervisor
856 _uhttp://172.23.153.220/th.pdf
905 _aAsmaa
_eCataloger
905 _aNazla
_eRevisor
942 _2ddc
_cTH
999 _c71819
_d71819